Analýza rizík pri práci operátora hydraulickej linky
Gespeichert in:
| 1. Verfasser: | |
|---|---|
| Weitere Verfasser: | |
| Format: | Manuskript Buch |
| Sprache: | Slowakisch |
| Veröffentlicht: |
2025
|
| Schlagworte: | |
| Online-Zugang: | http://is.stuba.sk/zp/portal_zp.pl?podrobnosti=176780 |
| Tags: |
Keine Tags, Fügen Sie das erste Tag hinzu!
|
MARC
| LEADER | 00000ntm a22000003a 4500 | ||
|---|---|---|---|
| 001 | stuzp105593 | ||
| 003 | SK-STU | ||
| 005 | 20250628212858.7 | ||
| 007 | ta | ||
| 008 | 150427s2015----xo-----f-mn---000-0-slo-d | ||
| 040 | |a STU |b slo | ||
| 041 | 0 | |a slo | |
| 100 | 1 | |a Matula, Matej |u 065000 |4 aut |U MTF Materiálovotechnologická fakulta |T MTF Ústav integrovanej bezpečnosti |X 121864 |U M5000 |Y 85 |7 121864 | |
| 242 | 0 | 1 | |a Risk analysis when operating a hydraulic line |y eng |
| 245 | 1 | 0 | |a Analýza rizík pri práci operátora hydraulickej linky |
| 260 | |c 2025 | ||
| 650 | 4 | |a analýza rizík |2 slo | |
| 650 | 4 | |a hydraulická linka |2 slo | |
| 650 | 4 | |a FMEA |2 slo | |
| 650 | 4 | |a hydraulic line |2 eng | |
| 650 | 4 | |a FMEA |2 eng | |
| 650 | 4 | |a risk analysis |2 eng | |
| 700 | 1 | |a Szabová, Zuzana |u 065200 |k Z1 |4 ths |U MTF Ústav integrovanej bezpečnosti |T MTF Katedra bezpečnostného inžinierstva |X 4741 |U M5200 |Y 192 |7 A000004741 | |
| 856 | 4 | |u http://is.stuba.sk/zp/portal_zp.pl?podrobnosti=176780 | |
| 996 | |c M* BP-9983 |l MMSKP |s P |a 0 |w stuzp105593_0001 | ||